<?xml version="1.0" encoding="UTF-8"?>
<record
    xmlns:xsi="http://www.w3.org/2001/XMLSchema-instance"
    xsi:schemaLocation="http://www.loc.gov/MARC21/slim http://www.loc.gov/standards/marcxml/schema/MARC21slim.xsd"
    xmlns="http://www.loc.gov/MARC21/slim">

  <leader>02230nam a22003257a 4500</leader>
  <controlfield tag="001">1809</controlfield>
  <controlfield tag="005">20251215160422.0</controlfield>
  <datafield tag="020" ind1=" " ind2=" ">
    <subfield code="a">9780765320995 (hardcover)</subfield>
  </datafield>
  <datafield tag="020" ind1=" " ind2=" ">
    <subfield code="a">0765320991 (hardcover)</subfield>
  </datafield>
  <datafield tag="040" ind1=" " ind2=" ">
    <subfield code="a">BTCTA</subfield>
    <subfield code="c">BTCTA</subfield>
    <subfield code="d">BAKER</subfield>
    <subfield code="d">ZGX</subfield>
    <subfield code="d">WIQ</subfield>
    <subfield code="d">DPL</subfield>
    <subfield code="d">TEF</subfield>
    <subfield code="d">XY4</subfield>
    <subfield code="d">B2A</subfield>
    <subfield code="d">IHI</subfield>
    <subfield code="d">OCLCQ</subfield>
    <subfield code="d">EHH</subfield>
    <subfield code="d">DLC</subfield>
    <subfield code="d">FISKH</subfield>
    <subfield code="b">eng</subfield>
  </datafield>
  <datafield tag="050" ind1="0" ind2="0">
    <subfield code="a">PZ7.L96775</subfield>
  </datafield>
  <datafield tag="082" ind1=" " ind2=" ">
    <subfield code="a">Fic</subfield>
  </datafield>
  <datafield tag="100" ind1="1" ind2=" ">
    <subfield code="a">Lubar, David.</subfield>
  </datafield>
  <datafield tag="245" ind1="1" ind2="4">
    <subfield code="a">The battle of the red hot pepper weenies :</subfield>
    <subfield code="b">and other warped and creepy tales /</subfield>
    <subfield code="c">David Lubar.</subfield>
  </datafield>
  <datafield tag="250" ind1=" " ind2=" ">
    <subfield code="a">1st ed.</subfield>
  </datafield>
  <datafield tag="260" ind1=" " ind2=" ">
    <subfield code="a">New York :</subfield>
    <subfield code="b">Starscape,</subfield>
    <subfield code="c">2009.</subfield>
  </datafield>
  <datafield tag="300" ind1=" " ind2=" ">
    <subfield code="a">192 pages ;</subfield>
    <subfield code="c">22 cm</subfield>
  </datafield>
  <datafield tag="490" ind1=" " ind2=" ">
    <subfield code="a">Weenies</subfield>
  </datafield>
  <datafield tag="500" ind1=" " ind2=" ">
    <subfield code="a">Reader's guide includes discussion questions. (p.185-192).</subfield>
  </datafield>
  <datafield tag="505" ind1="0" ind2=" ">
    <subfield code="a">K</subfield>
  </datafield>
  <datafield tag="505" ind1="0" ind2=" ">
    <subfield code="a">All the rage -- Frankendance -- The ratty old bumbershoot -- Dear Author -- The wizard's mandolin -- Into the wild blue yonder -- Yackity-yak -- Wish away -- The department store -- The battle of the red hot pepper weenies -- Just like me -- What's eating the vegans? -- Let's have a big hand for Gerald -- Bird shot -- The princess and the pea brain -- Petro-fied -- Time out -- Galactic zap -- The taste of terror -- The cat almost gets a bath -- Yesterday tomorrow -- Take a whack at this -- King of the hill -- Book banning -- Braces -- Turkey calls -- Reel -- Bad luck -- Rattled nerves -- Smart little suckers -- Overdue onto others -- Put on your happy face -- Moods -- Keep your spirits up -- Sting, where is thy death?</subfield>
  </datafield>
  <datafield tag="520" ind1=" " ind2=" ">
    <subfield code="a">A girl doesn't have a date for the school dance--until her dad makes one for her in his lab. "Lily--meet Stitchy." A family enjoys a nice Thanksgiving dinner--until they are interrupted by a torrent of turkeys out for revenge. A princess meets a pea-brained suitor. And the battle of two red hot pepper weenies ends in flames. Critically-acclaimed author and master of the macabre David Lubar returns from a journey into the darkest depths of his brain with thirty-five more warped and creepy tales. And in the tradition of the three previous Weenie collections...</subfield>
  </datafield>
  <datafield tag="521" ind1=" " ind2=" ">
    <subfield code="a">590 
</subfield>
    <subfield code="b">Lexile</subfield>
  </datafield>
  <datafield tag="521" ind1=" " ind2=" ">
    <subfield code="a">K 
</subfield>
    <subfield code="b">Raz-Plus</subfield>
  </datafield>
  <datafield tag="650" ind1=" " ind2=" ">
    <subfield code="a">Creepy</subfield>
  </datafield>
  <datafield tag="650" ind1=" " ind2=" ">
    <subfield code="a">Horror</subfield>
  </datafield>
  <datafield tag="650" ind1=" " ind2=" ">
    <subfield code="a">Macabre</subfield>
  </datafield>
  <datafield tag="906" ind1=" " ind2=" ">
    <subfield code="a">7</subfield>
    <subfield code="b">cbc</subfield>
    <subfield code="c">orignew</subfield>
    <subfield code="d">4</subfield>
    <subfield code="e">ncip</subfield>
    <subfield code="f">20</subfield>
    <subfield code="g">y-gencatlg</subfield>
  </datafield>
  <datafield tag="942" ind1=" " ind2=" ">
    <subfield code="2">ddc</subfield>
    <subfield code="c">BK</subfield>
    <subfield code="n">0</subfield>
  </datafield>
  <datafield tag="999" ind1=" " ind2=" ">
    <subfield code="c">1809</subfield>
    <subfield code="d">1809</subfield>
  </datafield>
  <datafield tag="952" ind1=" " ind2=" ">
    <subfield code="0">0</subfield>
    <subfield code="1">0</subfield>
    <subfield code="2">ddc</subfield>
    <subfield code="4">0</subfield>
    <subfield code="7">0</subfield>
    <subfield code="8">JUVF</subfield>
    <subfield code="a">001</subfield>
    <subfield code="b">001</subfield>
    <subfield code="c">TK Yellow</subfield>
    <subfield code="d">2023-10-03</subfield>
    <subfield code="l">0</subfield>
    <subfield code="o">LUB Fic PZ7.L96775</subfield>
    <subfield code="p">FISTK00617</subfield>
    <subfield code="r">2023-10-03 09:40:00</subfield>
    <subfield code="t">1</subfield>
    <subfield code="w">2023-10-03</subfield>
    <subfield code="y">BK</subfield>
  </datafield>
  <datafield tag="952" ind1=" " ind2=" ">
    <subfield code="0">0</subfield>
    <subfield code="1">0</subfield>
    <subfield code="2">ddc</subfield>
    <subfield code="4">0</subfield>
    <subfield code="7">0</subfield>
    <subfield code="8">JUVF</subfield>
    <subfield code="a">002</subfield>
    <subfield code="b">002</subfield>
    <subfield code="c">TTP Yellow </subfield>
    <subfield code="d">2025-12-11</subfield>
    <subfield code="l">0</subfield>
    <subfield code="o">LUB Fic PZ7.L96775</subfield>
    <subfield code="p">FIS02576</subfield>
    <subfield code="r">2025-12-11 16:34:00</subfield>
    <subfield code="t">2</subfield>
    <subfield code="w">2025-12-11</subfield>
    <subfield code="y">BK</subfield>
  </datafield>
</record>
